[Event "5th Cesme Open 2017"]
[Site "Cesme"]
[Date "2017.06.14"]
[Round "4.17"]
[White "Guseynov, Alihan"]
[Black "Maden, Mirac Kerem"]
[Result "1-0"]
[WhiteElo "2346"]
[BlackElo "1879"]
[Annotator "TA"]
[PlyCount "71"]
[EventType "swiss"]
[EventCountry "TUR"]
[SourceTitle "playchess.com"]
[Source "ChessBase"]
[SourceQuality "1"]

{[%evp 10,71,0,-10,-3,-12,14,0,45,43,78,72,95,95,264,266,250,212,215,213,287,154,171,161,227,225,286,290,286,256,367,358,354,330,418,372,363,357,490,492,563,526,549,533,536,539,508,464,468,447,754,702,29978,1048,5839,1538,29984,29985,29990,29991,29991,29990,29990,29991]} 1. d4 Nf6 2. Nc3 d5 3. Bg5 h6 4. Bxf6 exf6 5. e3 c6 6. Bd3 Bd6 {D01: Veresov Opening} (6... f5 7. Qd2 g6 8. Nce2 Nd7 9. c4 {½-½ (9) Laznicka,V (2670)-Erdos,V (2615) Jerusalem 2015}) 7. Qf3 b5 8. Nge2 Qc7 $146 {The position is equal.} ({Predecessor:} 8... Qa5 9. O-O b4 10. Nb1 Be6 11. Nd2 Nd7 12. Nf4 Bxf4 13. Qxf4 O-O 14. e4 {1-0 (32) Nugumanov,B (2259)-Akmatov,A (1636) Pavlodar 2015}) 9. a3 {[%cal Ba2a3,Ba3b4,Bb4b5][%mdl 32]} Nd7 {[#]} 10. e4 $1 {[%cal Re4d5]} Nb6 11. exd5 b4 $2 (11... Nxd5 $16 12. Nxd5 cxd5) 12. axb4 $18 Nxd5 13. Nxd5 cxd5 14. b5 ({Don't play} 14. Bb5+ $6 Bd7 $16) 14... Be6 {[#]} 15. h3 (15. c4 $1 $18 {[%mdl 512]}) 15... O-O $16 16. O-O Qb6 (16... Rad8 {might work better.} 17. Ra4 Rfe8) 17. Ra6 $18 Qc7 18. Rfa1 Bc8 19. R6a4 $40 {[%mdl 128] White has strong attack.} ({Don't do} 19. Qxd5 $6 Bxa6 20. Rxa6 (20. bxa6 Rab8 $14) 20... Rad8 $18) 19... Qb6 (19... Qd8 $142 20. Rxa7 Rxa7 21. Rxa7 Bb8) 20. Nc3 Bb7 21. Nxd5 Qd8 {[#] ...Bxd5 would now be nice for Black.} 22. Nxf6+ $1 {[%mdl 512]} Qxf6 23. Qxb7 Qf4 24. g3 Qd2 25. Qe4 {[%csl Gd3][%cal Re4h7]} g6 26. Qe3 Qxe3 27. fxe3 Bxg3 28. Rxa7 Rae8 29. e4 {[%cal Be3e4,Be4e5][%mdl 32]} f5 (29... Rc8 $142 30. b6 Rcd8) 30. e5 f4 31. Kg2 (31. R1a6 $142 Rf7 32. Bc4 Ref8 33. Bxf7+ Kh8 34. Rxg6 Kh7 35. Rga6 Bh2+ 36. Kxh2) 31... Rd8 32. c3 Rfe8 33. R1a6 {White mates.} Rxe5 34. Rxg6+ Kf8 35. Rf6+ Kg8 36. Bc4+ {Precision: White = 59%, Black = 14%.} 1-0

[Event "5th Cesme Open 2017"]
[Site "Cesme"]
[Date "2017.06.14"]
[Round "4.18"]
[White "Ainutdinov, Alexander"]
[Black "Kilic, Efe Mert"]
[Result "1-0"]
[WhiteElo "2007"]
[BlackElo "2331"]
[Annotator "ChessBase"]
[PlyCount "63"]
[EventType "swiss"]
[EventCountry "TUR"]
[SourceTitle "playchess.com"]
[Source "ChessBase"]
[SourceQuality "1"]
[TimeControl "5400+30"]

1. e4 {[%emt 0:00:30]} e5 {[%emt 0:09:00]} 2. Nf3 {[%emt 0:00:00]} Nc6 {[%emt 0:00:30]} 3. Nc3 {[%emt 0:01:00]} g6 {[%emt 0:01:30]} 4. d4 {[%emt 0:00:30]} exd4 {[%emt 0:00:30]} 5. Nxd4 {[%emt 0:00:30]} Bg7 {[%emt 0:00:30]} 6. Be3 {[%emt 0:00:30]} Nge7 {[%emt 0:00:00]} 7. Bc4 {[%emt 0:07:30]} Na5 {[%emt 0:00:00]} 8. Be2 {[%emt 0:01:30]} d6 {[%emt 0:03:30]} 9. Qd2 {[%emt 0:01:30]} a6 {[%emt 0:08:30]} 10. Bg5 {[%emt 0:09:30]} f6 {[%emt 0:02:30]} 11. Bh6 {[%emt 0:01:30]} O-O {[%emt 0:00:30]} 12. Bxg7 {[%emt 0:07:30]} Kxg7 {[%emt 0:00:30]} 13. Nd5 {[%emt 0:00:30]} Nac6 {[%emt 0:00:30]} 14. O-O {[%emt 0:03:30]} Nxd5 {[%emt 0:08:30]} 15. exd5 {[%emt 0:00:30]} Nxd4 {[%emt 0:00:00]} 16. Qxd4 {[%emt 0:00:30]} Re8 {[%emt 0:00:00]} 17. Rfe1 {[%emt 0:01:30]} Bd7 {[%emt 0:01:30]} 18. f4 {[%emt 0:03:30]} b5 {[%emt 0:08:30]} 19. Bf3 {[%emt 0:02:30]} Qb8 {[%emt 0:06:30]} 20. Rxe8 {[%emt 0:02:30]} Qxe8 {[%emt 0:00:30]} 21. Kf2 {[%emt 0:00:30]} Qb8 {[%emt 0:02:30]} 22. Re1 {[%emt 0:00:30]} Kf7 {[%emt 0:00:00]} 23. Qe3 {[%emt 0:10:30]} Qb6 {[%emt 0:01:00]} 24. Kf1 {[%emt 0:03:30]} Qxe3 {[%emt 0:00:30]} 25. Rxe3 {[%emt 0:00:00]} b4 {[%emt 0:00:30]} 26. Ke2 {[%emt 0:02:00]} Rb8 {[%emt 0:00:30]} 27. Kd3 {[%emt 0:01:30]} Rb5 {[%emt 0:01:30]} 28. Kd4 {[%emt 0:01:30]} Rc5 {[%emt 0:00:30]} 29. c4 {[%emt 0:00:30]} Bf5 {[%emt 0:01:30]} 30. a3 {[%emt 0:00:30]} bxa3 {[%emt 0:00:30]} 31. b4 {[%emt 0:00:30]} Bd3 {[%emt 0:04:30]} 32. Rxd3 {[%emt 0:00:30]} 1-0

[Event "5th Cesme Open 2017"]
[Site "Cesme"]
[Date "2017.06.14"]
[Round "4.19"]
[White "Ozsakallioglu, Okan"]
[Black "Arman, Deniz"]
[Result "1-0"]
[WhiteElo "1925"]
[BlackElo "2324"]
[Annotator "RC"]
[PlyCount "79"]
[EventType "swiss"]
[EventCountry "TUR"]
[SourceTitle "playchess.com"]
[Source "ChessBase"]
[SourceQuality "1"]
[TimeControl "5400+30"]

1. e4 {[%emt 0:01:30]} c5 {[%emt 0:01:00]} 2. Nf3 {[%emt 0:00:00]} e6 {[%emt 0:00:00]} 3. c4 {[%emt 0:01:00]} Nc6 {[%emt 0:11:00]} 4. Nc3 {[%emt 0:01:30]} Nf6 {[%emt 0:10:30]} 5. d4 {[%emt 0:01:30]} cxd4 {[%emt 0:03:30]} 6. Nxd4 {[%emt 0:00:30]} Bb4 {[%emt 0:03:30]} 7. Nxc6 {[%emt 0:00:00]} bxc6 {[%emt 0:11:30]} 8. Bd3 {[%emt 0:00:00]} e5 {[%emt 0:02:30]} 9. O-O {[%emt 0:00:30]} O-O {[%emt 0:11:30]} 10. Bd2 {[%emt 0:00:30]} a5 {[%emt 0:03:30]} 11. a3 {[%emt 0:02:30]} Be7 {[%emt 0:02:30]} 12. Qe2 {[%emt 0:03:30]} d6 {[%emt 0:06:30]} 13. b4 {[%emt 0:02:30]} axb4 {[%emt 0:04:30]} 14. axb4 {[%emt 0:00:00]} Bg4 {[%emt 0:00:30]} 15. Rxa8 {[%emt 0:01:00]} Qxa8 {[%emt 0:00:00]} 16. f3 {[%emt 0:00:30]} Be6 {[%emt 0:00:00]} 17. b5 {[%emt 0:00:00]} Nd7 {[%emt 0:03:30]} 18. Be3 {[%emt 0:03:00]} Qa3 {[%emt 0:05:59]} 19. Nb1 {[%emt 0:06:30]} Qa4 {[%emt 0:00:57]} 20. Rc1 {[%emt 0:03:30]} cxb5 {[%emt 0:06:43]} 21. Nc3 {[%emt 0:03:30]} Qa8 {[%emt 0:02:49]} 22. cxb5 {[%emt 0:00:30]} Rb8 {[%emt 0:01:39]} 23. Qb2 {[%emt 0:00:30]} Bd8 {[%emt 0:00:47]} 24. Ra1 {[%emt 0:00:30]} Qb7 {[%emt 0:00:18]} 25. Ra7 {[%emt 0:08:30]} Qc8 {[%emt 0:00:03]} 26. Na4 {[%emt 0:00:30]} Nc5 {[%emt 0:05:48]} 27. Nxc5 {[%emt 0:01:30]} dxc5 {[%emt 0:00:03]} 28. Qxe5 {[%emt 0:00:30]} c4 {[%emt 0:00:21]} 29. Bc2 {[%emt 0:00:00]} Bf6 {[%emt 0:00:35]} 30. Qc5 {[%emt 0:00:00]} Qd8 {[%emt 0:01:32]} 31. b6 {[%emt 0:00:30]} Rc8 {[%emt 0:01:53]} 32. Rc7 {[%emt 0:00:30]} Rb8 {[%emt 0:00:13]} 33. e5 {[%emt 0:00:00]} Bg5 {[%emt 0:00:47]} 34. f4 {[%emt 0:00:00]} Bh6 {[%emt 0:00:26]} 35. b7 {[%emt 0:01:30]} g6 {[%emt 0:00:09]} 36. Qd6 {[%emt 0:03:30]} Qe8 {[%emt 0:00:03]} 37. Re7 {[%emt 0:00:30]} Qd8 {[%emt 0:01:22]} 38. Qxd8+ {[%emt 0:01:30]} Rxd8 {[%emt 0:00:04]} 39. Ba7 {[%emt 0:00:00]} Bf8 {[%emt 0:00:56]} 40. Rc7 {[%emt 0:00:00]} 1-0

[Event "5th Cesme Open 2017"]
[Site "Cesme"]
[Date "2017.06.14"]
[Round "4.20"]
[White "Kaya, Emel"]
[Black "Tuncer, Tuna"]
[Result "1/2-1/2"]
[WhiteElo "1928"]
[BlackElo "2302"]
[Annotator "TA"]
[PlyCount "54"]
[EventType "swiss"]
[EventCountry "TUR"]
[SourceTitle "playchess.com"]
[Source "ChessBase"]
[SourceQuality "1"]

{[%evp 17,54,9,32,33,55,59,93,90,96,88,93,40,52,52,103,104,97,48,55,59,51,51,63,68,65,62,64,6,16,15,73,24,58,30,52,0,72,0,56]} 1. e4 c5 2. Nf3 e6 3. d4 cxd4 4. Nxd4 Nc6 5. c4 Nf6 6. Nc3 Bb4 7. Nxc6 bxc6 8. Bd3 e5 9. O-O d6 {LiveBook: 6 Games. B44: Sicilian: Taimanov: 5 Nb5} (9... Bc5 10. Qe2 d6 11. Be3 Bg4 12. Qe1 Nd7 13. Na4 Bxe3 14. Qxe3 O-O 15. h3 Be6 16. b3 Nc5 17. Nc3 {½-½ (40) Karjakin,S (2779)-Grischuk,A (2752) Sochi 2016}) 10. Qa4 Bxc3 11. bxc3 Bd7 {[#]White is slightly better.} 12. c5 $1 {[%mdl 512]} d5 $146 (12... dxc5 13. Ba3) ({Predecessor:} 12... dxc5 13. Ba3 O-O 14. Bxc5 Re8 15. Rfd1 a5 16. Rab1 Qc8 17. f3 {½-½ (43) Zhou,Q (2029)-Pina Vega,S (2317) Montreal 2014}) 13. Bg5 {Strongly threatening exd5.} O-O 14. f4 ({White should try} 14. Bxf6 $16 gxf6 15. exd5 cxd5 16. c6) 14... Qe7 15. Kh1 {aiming for fxe5.} Qxc5 ({Black should play} 15... dxe4 $14 16. Bxf6 Qxf6 17. Qxe4 g6) 16. Bxf6 $1 $16 gxf6 17. fxe5 fxe5 18. exd5 $1 f5 19. Bxf5 $1 Rxf5 20. Qg4+ Kh8 {[#] White must now prevent ...Rxf1+.} 21. Rxf5 Qxd5 {Threatens to win with ...Rg8.} 22. Qf3 (22. Raf1 $14 Bxf5 23. Qxf5) 22... Bxf5 $11 23. Qxf5 Rg8 (23... e4 $11 24. Qf6+ Kg8) 24. Qf6+ $16 Rg7 {[%csl Gg7][%cal Rd5g2]} 25. Qf8+ Rg8 {[%csl Gg8][%cal Rd5g2]} 26. Qf6+ Rg7 {[%csl Gg7][%cal Rd5g2]} 27. Qf8+ Rg8 {Precision: White = 59%, Black = 48%.} 1/2-1/2

[Event "5th Cesme Open 2017"]
[Site "Cesme"]
[Date "2017.06.14"]
[Round "4.21"]
[White "Yenil, Mucahit"]
[Black "Ersoy, Bora"]
[Result "0-1"]
[WhiteElo "1606"]
[BlackElo "1675"]
[Annotator "NA"]
[PlyCount "76"]
[EventType "swiss"]
[EventCountry "TUR"]
[SourceTitle "playchess.com"]
[Source "ChessBase"]
[SourceQuality "1"]
[TimeControl "5400+30"]

1. d4 {[%emt 0:11:30]} d5 {[%emt 0:01:00]} 2. Nf3 {[%emt 0:00:00]} Bf5 {[%emt 0:00:30]} 3. e3 {[%emt 0:00:00]} e6 {[%emt 0:00:30]} 4. Nbd2 {[%emt 0:00:30]} Nf6 {[%emt 0:01:30]} 5. b3 {[%emt 0:00:30]} Bd6 {[%emt 0:01:30]} 6. Bb2 {[%emt 0:00:00]} Nc6 {[%emt 0:00:30]} 7. a3 {[%emt 0:00:00]} h6 {[%emt 0:00:30]} 8. Bd3 {[%emt 0:00:00]} Ne7 {[%emt 0:00:30]} 9. Ne5 {[%emt 0:00:00]} Bxe5 {[%emt 0:03:30]} 10. dxe5 {[%emt 0:00:30]} Nd7 {[%emt 0:00:30]} 11. Qe2 {[%emt 0:01:30]} O-O {[%emt 0:03:30]} 12. e4 {[%emt 0:01:30]} Bh7 {[%emt 0:14:30]} 13. exd5 {[%emt 0:05:30]} Nxd5 {[%emt 0:00:30]} 14. Bxh7+ {[%emt 0:00:30]} Kxh7 {[%emt 0:00:30]} 15. g3 {[%emt 0:00:30]} Qg5 {[%emt 0:00:30]} 16. h4 {[%emt 0:00:30]} Qf5 {[%emt 0:00:30]} 17. O-O-O {[%emt 0:00:30]} Nc5 {[%emt 0:13:30]} 18. Rdf1 {[%emt 0:02:30]} Kg8 {[%emt 0:16:30]} 19. h5 {[%emt 0:01:30]} Rad8 {[%emt 0:13:30]} 20. f4 {[%emt 0:00:30]} Ne7 {[%emt 0:03:30]} 21. g4 {[%emt 0:00:00]} Qh7 {[%emt 0:00:30]} 22. f5 {[%emt 0:01:00]} exf5 {[%emt 0:00:30]} 23. gxf5 {[%emt 0:00:00]} Nxf5 {[%emt 0:00:30]} 24. Qf2 {[%emt 0:01:00]} Rxd2 {[%emt 0:00:30]} 25. Qxd2 {[%emt 0:00:30]} Ng3 {[%emt 0:03:30]} 26. Qc3 {[%emt 0:03:30]} Ne2+ {[%emt 0:01:39]} 27. Kb1 {[%emt 0:00:30]} Nxc3+ {[%emt 0:00:11]} 28. Bxc3 {[%emt 0:00:30]} Ne4 {[%emt 0:00:59]} 29. Be1 {[%emt 0:00:00]} Re8 {[%emt 0:00:33]} 30. Rh3 {[%emt 0:01:00]} Rxe5 {[%emt 0:00:43]} 31. Rd3 {[%emt 0:00:00]} Nd6 {[%emt 0:01:22]} 32. Bc3 {[%emt 0:02:00]} Re7 {[%emt 0:00:15]} 33. Rg1 {[%emt 0:00:30]} f5 {[%emt 0:00:21]} 34. Rg6 {[%emt 0:00:30]} f4 {[%emt 0:00:24]} 35. Kc1 {[%emt 0:01:30]} Re3 {[%emt 0:02:21]} 36. Kd1 {[%emt 0:05:30]} Rxd3+ {[%emt 0:00:22]} 37. cxd3 {[%emt 0:00:30]} Nf5 {[%emt 0:00:30]} 38. Be1 {[%emt 0:00:30]} Ne7 {[%emt 0:00:15]} 0-1

[Event "5th Cesme Open 2017"]
[Site "Cesme"]
[Date "2017.06.14"]
[Round "4.22"]
[White "Rahmani, Jamshid"]
[Black "Yigiter, Fatih"]
[Result "1-0"]
[WhiteElo "1692"]
[BlackElo "1606"]
[Annotator "NA"]
[PlyCount "67"]
[EventType "swiss"]
[EventCountry "TUR"]
[SourceTitle "playchess.com"]
[Source "ChessBase"]
[SourceQuality "1"]
[TimeControl "5400+30"]

1. d4 {[%emt 0:00:30]} d5 {[%emt 0:01:00]} 2. Nf3 {[%emt 0:00:00]} Nf6 {[%emt 0:00:00]} 3. Bg5 {[%emt 0:00:00]} e6 {[%emt 0:00:00]} 4. e3 {[%emt 0:00:30]} Be7 {[%emt 0:00:30]} 5. Bd3 {[%emt 0:00:30]} Nbd7 {[%emt 0:01:30]} 6. Nbd2 {[%emt 0:00:30]} O-O {[%emt 0:02:30]} 7. O-O {[%emt 0:00:30]} c5 {[%emt 0:01:30]} 8. c3 {[%emt 0:00:30]} Nh5 {[%emt 0:01:30]} 9. Bxe7 {[%emt 0:02:30]} Qxe7 {[%emt 0:00:00]} 10. Ne5 {[%emt 0:02:30]} g6 {[%emt 0:04:00]} 11. f4 {[%emt 0:02:30]} cxd4 {[%emt 0:04:30]} 12. exd4 {[%emt 0:01:30]} Qh4 {[%emt 0:05:30]} 13. Qf3 {[%emt 0:07:30]} a6 {[%emt 0:02:30]} 14. Rae1 {[%emt 0:03:30]} b5 {[%emt 0:03:30]} 15. g4 {[%emt 0:08:30]} Nhf6 {[%emt 0:08:30]} 16. g5 {[%emt 0:02:30]} Nxe5 {[%emt 0:01:30]} 17. Rxe5 {[%emt 0:01:30]} Nh5 {[%emt 0:03:30]} 18. Re2 {[%emt 0:08:30]} f6 {[%emt 0:03:30]} 19. Rg2 {[%emt 0:03:30]} Ng7 {[%emt 0:08:30]} 20. Rg4 {[%emt 0:04:30]} Qh5 {[%emt 0:00:00]} 21. Qg3 {[%emt 0:01:30]} fxg5 {[%emt 0:02:00]} 22. Rxg5 {[%emt 0:06:30]} Qh6 {[%emt 0:00:30]} 23. Rf2 {[%emt 0:15:30]} Nh5 {[%emt 0:01:30]} 24. Qh4 {[%emt 0:01:30]} Kh8 {[%emt 0:03:30]} 25. Be2 {[%emt 0:01:30]} Ra7 {[%emt 0:10:30]} 26. Bxh5 {[%emt 0:00:30]} gxh5 {[%emt 0:00:30]} 27. Rfg2 {[%emt 0:04:30]} Raf7 {[%emt 0:02:30]} 28. Qg3 {[%emt 0:00:30]} Qxg5 {[%emt 0:13:04]} 29. Qxg5 {[%emt 0:00:48]} Bd7 {[%emt 0:00:41]} 30. Qe5+ {[%emt 0:00:19]} Rf6 {[%emt 0:00:21]} 31. Nf3 {[%emt 0:02:14]} Be8 {[%emt 0:00:21]} 32. Ng5 {[%emt 0:00:54]} Bd7 {[%emt 0:01:31]} 33. Kf2 {[%emt 0:01:47]} h6 {[%emt 0:00:57]} 34. Nxe6 {[%emt 0:02:18]} 1-0

[Event "5th Cesme Open 2017"]
[Site "Cesme"]
[Date "2017.06.14"]
[Round "4.23"]
[White "Alkan, Sukru"]
[Black "Bozkurt, Serkan"]
[Result "1/2-1/2"]
[WhiteElo "1571"]
[BlackElo "1589"]
[Annotator "NA"]
[PlyCount "114"]
[EventType "swiss"]
[EventCountry "TUR"]
[SourceTitle "playchess.com"]
[Source "ChessBase"]
[SourceQuality "1"]
[TimeControl "5400+30"]

1. d4 {[%emt 0:00:30]} Nf6 {[%emt 0:01:00]} 2. Nf3 {[%emt 0:00:00]} g6 {[%emt 0:00:00]} 3. Bf4 {[%emt 0:00:00]} Bg7 {[%emt 0:00:00]} 4. e3 {[%emt 0:00:30]} O-O {[%emt 0:00:30]} 5. Be2 {[%emt 0:00:00]} d6 {[%emt 0:00:30]} 6. Nbd2 {[%emt 0:00:00]} c5 {[%emt 0:00:30]} 7. c3 {[%emt 0:00:30]} Nc6 {[%emt 0:00:30]} 8. h3 {[%emt 0:00:30]} Re8 {[%emt 0:10:30]} 9. O-O {[%emt 0:00:30]} e5 {[%emt 0:01:30]} 10. dxe5 {[%emt 0:00:30]} Nxe5 {[%emt 0:02:30]} 11. Nc4 {[%emt 0:13:30]} Nxc4 {[%emt 0:07:30]} 12. Bxc4 {[%emt 0:01:30]} d5 {[%emt 0:00:30]} 13. Bb5 {[%emt 0:00:30]} Bd7 {[%emt 0:02:30]} 14. Qa4 {[%emt 0:01:30]} Bxb5 {[%emt 0:06:30]} 15. Qxb5 {[%emt 0:00:30]} Qb6 {[%emt 0:00:30]} 16. Qxb6 {[%emt 0:00:30]} axb6 {[%emt 0:00:00]} 17. Rfd1 {[%emt 0:00:30]} b5 {[%emt 0:06:00]} 18. a3 {[%emt 0:00:30]} Ra6 {[%emt 0:06:30]} 19. Kf1 {[%emt 0:00:30]} Rea8 {[%emt 0:02:30]} 20. Rac1 {[%emt 0:02:30]} Rd8 {[%emt 0:15:30]} 21. Bg5 {[%emt 0:04:30]} h6 {[%emt 0:02:30]} 22. Bxf6 {[%emt 0:00:30]} Bxf6 {[%emt 0:00:00]} 23. Rc2 {[%emt 0:00:30]} b4 {[%emt 0:06:00]} 24. axb4 {[%emt 0:00:00]} cxb4 {[%emt 0:00:30]} 25. cxb4 {[%emt 0:00:00]} Rb6 {[%emt 0:00:30]} 26. Rcd2 {[%emt 0:00:30]} Rxb4 {[%emt 0:00:30]} 27. Rxd5 {[%emt 0:00:30]} Rxd5 {[%emt 0:00:30]} 28. Rxd5 {[%emt 0:00:00]} Rxb2 {[%emt 0:00:30]} 29. Rd2 {[%emt 0:01:00]} Rb3 {[%emt 0:02:30]} 30. Nd4 {[%emt 0:00:30]} Rb4 {[%emt 0:01:30]} 31. Ke2 {[%emt 0:00:30]} Kf8 {[%emt 0:03:30]} 32. Kd3 {[%emt 0:01:30]} Bxd4 {[%emt 0:01:30]} 33. exd4 {[%emt 0:00:30]} Ke7 {[%emt 0:00:00]} 34. Kc3 {[%emt 0:00:30]} Rb1 {[%emt 0:02:00]} 35. Kc4 {[%emt 0:00:30]} Kd6 {[%emt 0:00:30]} 36. d5 {[%emt 0:00:30]} h5 {[%emt 0:02:03]} 37. h4 {[%emt 0:00:30]} f6 {[%emt 0:00:41]} 38. g3 {[%emt 0:00:00]} g5 {[%emt 0:00:52]} 39. hxg5 {[%emt 0:00:00]} fxg5 {[%emt 0:00:05]} 40. Kd4 {[%emt 0:01:30]} h4 {[%emt 0:02:50]} 41. gxh4 {[%emt 0:00:30]} gxh4 {[%emt 0:00:12]} 42. f4 {[%emt 0:00:00]} h3 {[%emt 0:03:43]} 43. f5 {[%emt 0:03:00]} Rb4+ {[%emt 0:01:58]} 44. Ke3 {[%emt 0:01:30]} Rh4 {[%emt 0:00:19]} 45. f6 {[%emt 0:00:30]} h2 {[%emt 0:05:46]} 46. f7 {[%emt 0:02:30]} Ke7 {[%emt 0:00:44]} 47. d6+ {[%emt 0:00:30]} Kxf7 {[%emt 0:00:06]} 48. d7 {[%emt 0:00:30]} Rh8 {[%emt 0:06:08]} 49. Rxh2 {[%emt 0:00:00]} Rd8 {[%emt 0:00:10]} 50. Kd4 {[%emt 0:01:00]} Rxd7+ {[%emt 0:00:43]} 51. Kc5 {[%emt 0:00:00]} Ke6 {[%emt 0:00:21]} 52. Kb6 {[%emt 0:00:00]} Rg7 {[%emt 0:00:43]} 53. Rd2 {[%emt 0:00:30]} Ke5 {[%emt 0:00:51]} 54. Rd1 {[%emt 0:00:00]} Rf7 {[%emt 0:00:10]} 55. Rd2 {[%emt 0:00:00]} Rg7 {[%emt 0:00:33]} 56. Rd1 {[%emt 0:00:30]} Rf7 {[%emt 0:00:10]} 57. Rd2 {[%emt 0:00:00]} Rg7 {[%emt 0:00:03]} 1/2-1/2

[Event "5th Cesme Open 2017"]
[Site "Cesme"]
[Date "2017.06.14"]
[Round "4.24"]
[White "Barik, Ertunc Bahadir"]
[Black "Mammadov, Anar"]
[Result "1-0"]
[WhiteElo "1538"]
[BlackElo "1687"]
[Annotator "NA RC"]
[PlyCount "71"]
[EventType "swiss"]
[EventCountry "TUR"]
[SourceTitle "playchess.com"]
[Source "ChessBase"]
[SourceQuality "1"]
[TimeControl "5400+30"]

1. c4 {[%emt 0:00:30]} Nf6 {[%emt 0:01:00]} 2. Nc3 {[%emt 0:00:00]} d5 {[%emt 0:00:30]} 3. cxd5 {[%emt 0:00:00]} Nxd5 {[%emt 0:00:30]} 4. e4 {[%emt 0:00:00]} Nxc3 {[%emt 0:01:30]} 5. bxc3 {[%emt 0:00:00]} e5 {[%emt 0:00:30]} 6. Nf3 {[%emt 0:00:30]} Bd6 {[%emt 0:11:30]} 7. Rb1 {[%emt 0:00:30]} c6 {[%emt 0:03:30]} 8. Bc4 {[%emt 0:06:30]} b5 {[%emt 0:03:30]} 9. Bb3 {[%emt 0:02:30]} Bg4 {[%emt 0:01:30]} 10. d4 {[%emt 0:03:30]} exd4 {[%emt 0:15:30]} 11. Qxd4 {[%emt 0:18:30]} O-O {[%emt 0:12:30]} 12. e5 {[%emt 0:02:30]} Bxf3 {[%emt 0:01:30]} 13. exd6 {[%emt 0:01:30]} Re8+ {[%emt 0:07:30]} 14. Be3 {[%emt 0:00:30]} Re4 {[%emt 0:02:30]} 15. Qd3 {[%emt 0:01:30]} Bxg2 {[%emt 0:05:30]} 16. Rg1 {[%emt 0:00:30]} Rg4 {[%emt 0:00:30]} 17. Bxf7+ {[%emt 0:00:30]} Kh8 {[%emt 0:01:30]} 18. Qf5 {[%emt 0:02:30]} Bh3 {[%emt 0:12:12]} 19. Rxg4 {[%emt 0:00:30]} Nd7 {[%emt 0:01:25]} 20. Bg5 {[%emt 0:02:30]} Bxg4 {[%emt 0:02:03]} 21. Qxg4 {[%emt 0:00:00]} Nf6 {[%emt 0:00:21]} 22. Qe6 {[%emt 0:03:00]} h6 {[%emt 0:02:22]} 23. Bxf6 {[%emt 0:01:30]} Qxf6 {[%emt 0:01:21]} 24. Qxf6 {[%emt 0:00:30]} gxf6 {[%emt 0:00:02]} 25. d7 {[%emt 0:00:30]} Rd8 {[%emt 0:00:07]} 26. Be8 {[%emt 0:00:30]} Kg7 {[%emt 0:00:02]} 27. a4 {[%emt 0:00:00]} a6 {[%emt 0:00:53]} 28. axb5 {[%emt 0:00:00]} axb5 {[%emt 0:00:05]} 29. c4 {[%emt 0:00:30]} Kf8 {[%emt 0:01:04]} 30. cxb5 {[%emt 0:00:00]} cxb5 {[%emt 0:00:44]} 31. Rxb5 {[%emt 0:00:00]} Ke7 {[%emt 0:00:10]} 32. Rc5 {[%emt 0:01:30]} Ra8 {[%emt 0:00:05]} 33. Rc8 {[%emt 0:00:00]} Ra1+ {[%emt 0:00:01]} 34. Ke2 {[%emt 0:00:00]} Ra2+ {[%emt 0:00:12]} 35. Kf3 {[%emt 0:00:30]} Rd2 {[%emt 0:00:31]} 36. d8=Q+ {[%emt 0:00:00]} 1-0

[Event "5th Cesme Open 2017"]
[Site "Cesme"]
[Date "2017.06.15"]
[Round "6.1"]
[White "Sumets, Andrey"]
[Black "Sadikhov, Ulvi"]
[Result "1-0"]
[WhiteElo "2560"]
[BlackElo "2483"]
[Annotator "TA"]
[PlyCount "69"]
[EventType "swiss"]
[EventCountry "TUR"]
[SourceTitle "playchess.com"]
[Source "ChessBase"]
[SourceQuality "1"]

{[%evp 23,69,67,77,86,79,86,91,88,65,82,93,65,106,73,68,72,90,64,110,100,108,88,187,189,185,185,312,187,362,351,350,330,334,317,395,406,316,245,185,185,264,251,242,260,585,558,767,768]} 1. d4 Nf6 2. c4 g6 3. Nc3 Bg7 4. e4 d6 5. Nf3 O-O 6. Be2 e5 7. O-O exd4 8. Nxd4 Re8 9. f3 c6 10. Kh1 Nh5 11. g4 Nf6 12. Bf4 h5 13. Nf5 {E94: King's Indian: Classical: 6 Be2 e5 7 0-0: Various Black 7th moves} gxf5 14. gxf5 Nh7 (14... d5 15. cxd5 cxd5 16. Rg1 Kh8 17. Rxg7 Kxg7 18. Qg1+ Kh8 19. Bg5 Bxf5 20. Nxd5 Nbd7 {1-0 (30) Gelfand,B (2753)-Amonatov,F (2590) Tromsoe 2014}) 15. Rg1 {aiming for Bh6.White is better.} Kh8 16. Bxd6 Bf8 $146 ({Predecessor:} 16... Nd7 17. Qd2 Be5 18. Bxe5+ Rxe5 19. f4 Re8 20. Bxh5 Qe7 {½-½ (39) Antic,D (2473)-Markovic,M (2486) Pozarevac 2013}) 17. c5 Nd7 {[#]} 18. f4 $1 Bxd6 19. cxd6 Ndf6 20. Qd3 $36 {[%mdl 2048] White has good play.} (20. Bxh5 Nxe4 21. Nxe4 Rxe4 $11) 20... Bxf5 21. exf5 {Hoping for Rad1.} Qb6 22. Qc4 Rf8 (22... Rad8 $16) 23. Rad1 $18 Rae8 24. b4 Re3 {[#]} (24... Rg8 $142 25. Rxg8+ (25. Qxf7 Qe3 $18) 25... Rxg8) 25. Rg2 (25. Bxh5 $142 $1 {[%mdl 512]} Qa6 (25... Nxh5 26. Na4) 26. Qd4 (26. Bxf7 Qxc4 27. Bxc4 Rxc3 $11)) 25... h4 $2 (25... a5 {keeps fighting.} 26. a3 h4) 26. Na4 {[%cal Bc3a4,Ba4c5,Bc5d3,Bd3e5][%mdl 32]} Qd8 27. Nc5 b6 28. Nd3 h3 29. Rg3 (29. Rf2 Qxd6 30. Ne5 Qe7 $18) 29... Re4 30. Qc2 {Strongly threatening Ne5.} Qxd6 31. Ne5 Rd4 (31... Qxb4 {was worth a try.} 32. Rd8 (32. Rxh3 Rxf4 33. Bf3 Rh4 $14) (32. Nxc6 Qc5 $14) 32... Qe7 33. Rxf8+ Qxf8) 32. Rxh3 Rxd1+ 33. Qxd1 (33. Bxd1 Qxb4 34. Qf2 Qb1 $14) 33... Qxb4 $2 (33... Qd5+ 34. Bf3 Qxd1+ 35. Bxd1 Nd5) 34. Bc4 Qe7 35. Bxf7 {Precision: White = 71%, Black = 42%.} 1-0